Access audit handbook (Record no. 104851)
[ view plain ]
| 000 -LEADER | |
|---|---|
| fixed length control field | 01556cam a2200301 4500 |
| 001 - CONTROL NUMBER | |
| control field | ##L131816 |
| 008 - FIXED-LENGTH DATA ELEMENTS--GENERAL INFORMATION | |
| fixed length control field | 051209n2005 000 0 eng u |
| 020 ## - INTERNATIONAL STANDARD BOOK NUMBER | |
| International Standard Book Number | 1859461778 |
| 035 ## - SYSTEM CONTROL NUMBER | |
| System control number | (Sirsi) u131816 |
| 041 0# - LANGUAGE CODE | |
| Language code of text/sound track or separate title | eng |
| 050 04 - LIBRARY OF CONGRESS CALL NUMBER | |
| Classification number | 725.54 $2 18 |
| 110 2# - MAIN ENTRY--CORPORATE NAME | |
| Corporate name or jurisdiction name as entry element | Centre for Accessible Environments |
| 245 00 - TITLE STATEMENT | |
| Title | Access audit handbook |
| Medium | [multimedia] |
| 260 ## - PUBLICATION, DISTRIBUTION, ETC. | |
| Place of publication, distribution, etc. | London |
| Name of publisher, distributor, etc. | RIBA Publishing |
| Date of publication, distribution, etc. | 2005 |
| 300 ## - PHYSICAL DESCRIPTION | |
| Extent | 130p. |
| Other physical details | ill |
| Dimensions | 30cm. |
| Accompanying material | + 1 DVD |
| 350 ## - PRICE (NR) (BK AM CF MU VM SE) [OBSOLETE] | |
| Price | 35 |
| 520 ## - SUMMARY, ETC. | |
| Summary, etc. | Multimedia planning tool for auditing the accessibility of buildings and services, and for writing reports in appropriate formats in the context of the Diability Discrimination Act 1995, funding requirements and best practice in building management. Advises on undertaking access audits and the various report formats to best communicate recommendations. Supported by a range of case studies and a worked example of a successful report based on a real life access audit. Includes auditing checklists and a DVD with editable electronic versions of the checklists and the film- Access audits: a planning tool for businesses. Includes details of useful organisations and publications. |
| 590 ## - LOCAL NOTE (RLIN) | |
| Local note | IKA030106 |
| 650 ## - SUBJECT ADDED ENTRY--TOPICAL TERM | |
| Topical term or geographic name entry element | DISABILITY DISCRIMINATION ACT 1995 |
| 690 ## - LOCAL SUBJECT ADDED ENTRY--TOPICAL TERM (OCLC, RLIN) | |
| Topical term or geographic name as entry element | MANAGEMENT-BUSINESS MANAGEMENT-DISCRIMINATION-DISABILITY DISCRIMINATION-ACCESSIBILITY-ACCESS AUDITS |
| 700 1# - ADDED ENTRY--PERSONAL NAME | |
| Personal name | Grant, Alison |
| 700 1# - ADDED ENTRY--PERSONAL NAME | |
| Personal name | Highman, Paul |
| 700 1# - ADDED ENTRY--PERSONAL NAME | |
| Personal name | Towers, Brian |
| 700 1# - ADDED ENTRY--PERSONAL NAME | |
| Personal name | Wood, Gill |
| 710 2# - ADDED ENTRY--CORPORATE NAME | |
| Corporate name or jurisdiction name as entry element | Royal Institute of British Architects |
| 9 (RLIN) | 2527 |
| 942 ## - ADDED ENTRY ELEMENTS (KOHA) | |
| Suppress in OPAC | 0 |
| Withdrawn status | Lost status | Source of classification or shelving scheme | Damaged status | Not for loan | Home library | Current library | Shelving location | Date acquired | Cost, normal purchase price | Total Checkouts | Full call number | Barcode | Date last seen | Date last checked out | Copy number | Cost, replacement price | Price effective from | Koha item type |
|---|---|---|---|---|---|---|---|---|---|---|---|---|---|---|---|---|---|---|
| Dewey Decimal Classification | London | London | Folio | 23/12/2005 | 35.00 | 12 | F725.54 CEN | 30071473 | 06/08/2019 | 05/01/2009 | 1 | 35.00 | 06/08/2019 | Book |